Statistics for Film Musicals

Click here to take the quiz!

General Stats

  • This quiz has been taken 59 times
  • The average score is 9 of 20

Answer Stats

HintAnswer% Correct
Which 1961 musical was based on Shakespear's play Romeo & Juliet?West Side Story
76%
Which musical starred Renee Zellweger, Richard Gere and Catherine Zeta-JonesChicago
73%
Which animated film featured the songs Bare Necessities & I Wanna Be Like You?The Jungle Book
73%
Which 1952 musical was set in the 1920's and starred Gene Kelly?Singin' In The Rain
71%
In which year was La La Land starring Emma Stone & Ryan Gosling released?2016
69%
Liza Minnelli, Michael York and Joel Grey starred in which 1972 musical set in Pre-war Berlin?Cabaret
69%
Which musical features a man eating plant?Little Shop Of Horrors
67%
Which musical included the songs We Go Together & Hand JiveGrease
53%
Which 1955 film featured Rod Steiger in a supporting role as a farm worker?Oklahoma
49%
In which musical did Judy garland sing the Trolley Song?Meet Me In St Louis
43%
Which 1958 musical stars Mitzi Gaynor & Rossano Brazzi and is set on an island?South Pacific
41%
Which musical featured the songs Secret Love & The Black Hills Of DakotaCalamity Jane
35%
Which musical was about a fairground worker who was murdered and then came back to keep an eye on his wife Julie?Carousel
35%
Robert Preston, Shirley Jones, Ron Howard & Hermione Gingold starred in which musical about a travelling conman?The Music Man
35%
In which film did Clint Eastwood sing 'I Talk To The Trees'?Paint Your Wagon
31%
Which musical featured the song Big Spender which was a chart hit for Shirley Bassey?Sweet Charity
29%
Which 1974 film was a compilation of clips from various musicals from the past hosted by a selection of Hollywood musical starsThat's Entertainment
20%
The 1934 film 'Sing As We Go' starred which British star of stage and screen?Gracie Fields
10%
In which 1955 musical did Doris Day co-star with James Cagney?Love Me Or Leave Me
8%
Which Mickey Rooney & Judy Garland musical featured the song Do La Conga?Strike Up The Band
4%

Score Distribution

Percentile by Number Answered

Percent of People with Each Score

Your Score History

You have not taken this quiz